|
|
|
|
| LEADER |
00000nam a22000004a 4500 |
| 001 |
AR-BbUGT5125 |
| 003 |
AR-BbUGT |
| 005 |
20210622182548.0 |
| 007 |
ta |
| 008 |
150929t2015 ag |0|||0|spa d |
| 020 |
|
|
|a 978-987-655-047-5
|
| 040 |
|
|
|a AR-BbUGT
|b spa
|c AR-BbUGT
|
| 082 |
0 |
4 |
|a 711.4
|
| 100 |
1 |
|
|a Zingoni, José María
|9 158
|
| 245 |
1 |
0 |
|a Gobernar la ciudad:
|b desarrollo local y políticas urbanas municipales /
|c José María Zingoni.
|
| 260 |
|
|
|a Bahía Blanca :
|b EdiUNS,
|c 2015.
|
| 300 |
|
|
|a 384 p.
|
| 490 |
1 |
|
|a Extensión. Colección Estudios Sociales y Humanidades
|
| 504 |
|
|
|a Incluye bibliografía al final de cada capítulo.
|
| 505 |
0 |
|
|a Capítulo 1. Ética, política y gestión del desarrollo -- Capítulo 2. Territorio, Ciudad y Medio Ambiente -- Capítulo 3. La dimensión jurídica de la ciudad -- Capítulo 4. La ciudad y su financiamiento -- Capítulo 5. Planificación estratégica y gestión pública -- Capítulo 6. Conceptos, métodos y consejos para la formulación de un plan -- Capítulo 7. Los planes estratégicos de Bahía Blanca, Azul y Necochea -- Capítulo 8. Plan Estratégico de Desarrollo Turístico Sustentable en el municipio de Patagones -- Capítulo 9. Ciudad y financiamiento en centros turísticos; reflexiones sobre San Martín de los Andes -- Capítulo 10. Presupuesto Participativo en el municipio de Rivadavia
|
| 653 |
|
|
|a Planificación estratégica
|
| 653 |
|
|
|a Política Municipal
|
| 653 |
|
|
|a Desarrollo Municipal
|
| 653 |
|
|
|a Gestión Municipal
|
| 653 |
|
|
|a Planificación Urbana
|
| 830 |
|
0 |
|a Extensión. Colección Estudios Sociales y Humanidades
|
| 942 |
|
|
|c BK
|h 711.4
|i Z77
|2 ddc
|6 711_400000000000000_Z77
|
| 942 |
|
|
|c BK
|h 711.4
|i Z77
|2 ddc
|
| 999 |
|
|
|c 12303
|d 12303
|